000 00416nam a22001577a 4500
003 OSt
005 20211109093223.0
008 211109b |||||||| |||| 00| 0 eng d
020 _a0-8493-2206-5
040 _cHawassa University
050 _a634.99/SIL
_b1
082 _a634.99/SIL
_b1
245 _aThe silvicultural basis for agroforestry systems
260 _aLondon
_bCRC Press
_c2000
942 _2ddc
_cBOOKS
_n0
999 _c17213
_d17213